000 00691nam a2200205 a 4500
001 000025526
005 20200930023843.0
008 110217s1987 dr 000 0 spa d
040 _aDO-SdBNP
_bspa
_cBNPHU
082 _a280
_bS446a, 1987
245 0 0 _aSectas en América Latina.
250 _a2ª. ed.
260 _aLa Vega, República Dominicana :
_bInstituto Técnico Salesiano (ITESA),
_c1987.
300 _a94 p. ;
_c22 cm.
504 _aIncluye bibliografía y notas al pie de páginas y al final de capítulos.
590 _aInventariado, 2018/ YL
650 4 _aSectas
_zAmérica Latina
_952176
650 4 _aIglesia
_xHistoria
_925540
910 _aValidado. Control de calidad EMS
999 _c25018
_d25018